Marketing research for managers /

Bibliographic Details
Main Author: Crouch, Sunny
Corporate Author: NetLibrary, Inc
Other Authors: Housden, Matthew
Format: eBook
Language:English
Published: Amsterdam ; Boston, MA : Butterworth-Heinemann, 2003.
Edition:3rd ed.
Subjects:
Online Access:Connect to the full text of this electronic book

MARC

Tag First Indicator Second Indicator Subfields
LEADER 00000cam a22000004a 4500
001 in00002005486
005 20220105141819.0
006 m d
007 cr cnu---unuuu
008 040610s2003 ne a sb 001 0 eng d
020 |a 1417507640 (electronic bk.) 
035 |a (OCoLC)ocm55628086 
040 |a N$T  |c N$T  |d UtOrBLW 
049 |a IKMN 
050 1 4 |a HF5415.2  |b .C78 2003eb 
082 0 4 |a 658.8/3  |2 22 
100 1 |a Crouch, Sunny.  |0 http://id.loc.gov/authorities/names/n78045865 
245 1 0 |a Marketing research for managers /  |c Sunny Crouch, Matthew Housden. 
250 |a 3rd ed. 
264 1 |a Amsterdam ;  |a Boston, MA :  |b Butterworth-Heinemann,  |c 2003. 
300 |a xii, 372 pages :  |b illustrations ;  |c 25 cm. 
336 |a text  |b txt  |2 rdacontent 
337 |a computer  |b c  |2 rdamedia 
338 |a online resource  |b cr  |2 rdacarrier 
504 |a Includes bibliographical references and index. 
533 |a Electronic reproduction.  |b Boulder, Colo. :  |c NetLibrary,  |d 2004.  |n Available via World Wide Web.  |n Access may be limited to NetLibrary affiliated libraries. 
500 |a Electronic resource. 
650 0 |a Marketing research.  |0 http://id.loc.gov/authorities/subjects/sh85081350 
655 7 |a Electronic books.  |2 local 
700 1 |a Housden, Matthew.  |0 http://id.loc.gov/authorities/names/no97018973 
710 2 |a NetLibrary, Inc.  |0 http://id.loc.gov/authorities/names/no99080690 
776 1 |c Original  |z 0750654538  |w (DLC) 2003045189  |w (OCoLC)51818702 
856 4 1 |u https://proxy.library.tamu.edu/login?url=http://www.netLibrary.com/urlapi.asp?action=summary&v=1&bookid=104737  |z Connect to the full text of this electronic book  |t 0 
994 |a 92  |b IKM 
999 |a MARS 
999 f f |s ac919343-bc2f-3a93-89dc-b12c73c2b368  |i 39a87c89-c32e-3ff0-873c-08eea7a5f952  |t 0 
952 f f |a Texas A&M University  |b College Station  |c Electronic Resources  |d Available Online  |t 0  |e HF5415.2 .C78 2003eb  |h Library of Congress classification 
998 f f |a HF5415.2 .C78 2003eb  |t 0  |l Available Online